000
00293nam a2200121Ia 4500
008
190216s9999||||xx |||||||||||||| ||und||
100
_a
Herbert Stern & David L Nanney
245
0
_a
Biology Of Cells
260
_b
Wiley Eastern Ltd
_c
1975
300
_a
548p
650
_a
Botany
942
_c
BK
999
_c
1362
_d
1362